| 000 | 00918nam a22003017a 4500 | ||
|---|---|---|---|
| 001 | 9665 | ||
| 003 | FISKH | ||
| 005 | 20260428100852.0 | ||
| 008 | 260128b cb ||||| |||| 00| 0 eng d | ||
| 020 | _a9780462001180 | ||
| 040 |
_aFISKH _beng _cFISKH _dFISKH |
||
| 050 | _aPZ7 | ||
| 082 | _a823 | ||
| 100 |
_aSuzuki, John _eAuthor |
||
| 245 |
_aWhat a strange animal! / _cWritten by John Suzuki ; illustrated by Dion Hamil |
||
| 260 |
_aSingapore : _bMarshall Cavendish , _c2008 |
||
| 300 |
_a16 pages : _bcolor illustrations ; _c19 cm |
||
| 490 |
_aMy pals are here! : _v14e |
||
| 505 | _aC | ||
| 520 | _aBaby Colugo lived in a nature park. He was curious about how a person looks like. | ||
| 521 | 8 |
_a100
_bLexile estimate |
|
| 521 | 8 |
_aC
_bRaz-Plus |
|
| 650 |
_aAnimals _vJourney |
||
| 650 |
_aNature park _vHuman |
||
| 700 |
_aHamil, Dion _eIllustrator |
||
| 942 |
_2ddc _cBK _n0 |
||
| 999 |
_c9665 _d9665 |
||